Princezny : moje obrázky /

Další autoři: Řebíčková, Anna, 1979-
Jazyk: Čeština
Vydáno: Čestlice : Rebo, 2014
Vydání: 1. vyd.
Témata:
Fyzický popis: [34] s. : il. (převážně barev.) ; 33 cm + 2 l. samolepek
Knihy
Uloženo v:
LEADER 01851nam a2200529 a 4500
001 nkc20142603065
003 CZ PrNK
005 20141107105741.0
007 ta
008 140627s2014 xr a b 000 0 cze
015 |a cnb002603065 
020 |a 978-80-255-0852-7  |q (váz.) 
035 |a (OCoLC)897868618 
040 |a BOA001  |b cze 
041 1 |a cze  |h fre 
072 7 |a 74  |x Kresba. Umělecká řemesla  |2 Konspekt  |9 21 
072 7 |a 0/9-053.2  |x Literatura pro děti a mládež (naučná)  |2 Konspekt  |9 26 
080 |a 741  |2 MRF 
080 |a 82.09-34-052  |2 MRF 
080 |a (076.1)  |2 MRF 
080 |a (084.1.029.2)  |2 MRF 
080 |a (0.053.2)  |2 MRF 
245 0 0 |a Princezny :  |b moje obrázky /  |c [z francouzského originálu ... přeložila Anna Nejedlá] 
246 3 0 |a Moje obrázky - princezny 
250 |a 1. vyd. 
260 |a Čestlice :  |b Rebo,  |c 2014 
300 |a [34] s. :  |b il. (převážně barev.) ;  |c 33 cm +  |e 2 l. samolepek 
500 |a Se stužkou na zavázání 
500 |a Část. tištěno napříč 
500 |a Listy se samolepkami všity na konci pub. 
650 0 7 |a kreslení  |7 ph121945  |2 czenas 
650 0 7 |a pohádkové postavy  |7 ph249609  |2 czenas 
650 0 9 |a drawing  |2 eczenas 
650 0 9 |a fairy tale characters  |2 eczenas 
655 7 |a pracovní sešity  |7 fd133116  |2 czenas 
655 7 |a samolepky  |7 fd119297  |2 czenas 
655 7 |a publikace pro děti  |7 fd133156  |2 czenas 
655 9 |a activity books  |2 eczenas 
655 9 |a stickers  |2 eczenas 
655 9 |a children's literature  |2 eczenas 
700 1 |a Řebíčková, Anna,  |d 1979-  |7 xx0175716  |4 trl 
765 0 |t Mon carton à dessins princesses  |9 Česky 
910 2 |a BOA001  |b 4-1333.334 
990 |a BK 
995 |a 01 
991 |b 201411  |c NOV  |e dn 
996 6 |b 2610607593  |c 4-1333.334  |l MZK  |r Sklad / do 1 hodiny  |n 0  |p p.v.  |w 001464297  |u 000010  |a 1  |e BOA001  |j MZK50  |s P